[Event "AUTO-ADV-4925"]
[Site "http://www.queenalice.com/game.php?id=1870668"]
[Date "2026.3.19"]
[Round "1"]
[White "Connor"]
[Black "SGF"]
[Result "1-0"]
[WhiteElo "1901"]
[BlackElo "1784"]

1. d4 e6 2. e3 Qf6 3. Nf3 Bd6 4. c4 Bb4+ 5. Bd2 a5 6. Nc3 c6 7. Ne4 Qg6 8. Bxb4
Qxe4 9. Bc3 h6 10. c5 f6 11. Bd3 Qg4 12. O-O g5 13. Be2 Ne7 14. a3 Nd5 15. Qd3
b5 16. cxb6 Nxb6 17. Qg6+ Kf8 18. Qxf6+ Kg8 19. d5 Rh7 20. Bd3 Rf7 21. Qh8# 1-0

[Event "AUTO-ADV-4925"]
[Site "http://www.queenalice.com/game.php?id=1870669"]
[Date "2026.3.19"]
[Round "1"]
[White "SGF"]
[Black "Connor"]
[Result "0-1"]
[WhiteElo "1745"]
[BlackElo "1912"]

1. e4 e5 2. Qf3 Nf6 3. d3 d6 4. Be2 Nc6 5. c3 Bg4 6. Qg3 Bxe2 7. Nxe2 Qd7 8. b4
Ne7 9. h3 Ng6 10. a4 b6 11. b5 a6 12. bxa6 Rxa6 13. Bg5 Be7 14. h4 Rxa4 15. Rxa4
Qxa4 16. O-O Qa2 17. Re1 Qe6 18. h5 Nxh5 19. Qh3 Qxh3 20. gxh3 Bxg5 21. Ng3 Nhf4
22. Kh2 Nxd3 23. Re2 O-O 24. c4 Ngf4 25. Rd2 Bh4 26. f3 Ne1 27. Rf2 g6 28. Nc3
Nh5 29. Nxh5 Bxf2 30. Nf6+ Kg7 31. Ncd5 Nxf3+ 32. Kg2 Nd2 33. Kxf2 Nxc4 34. Nd7
Rd8 35. N7f6 c6 36. Ne3 Nxe3 37. Kxe3 Kxf6 38. h4 b5 39. Kd3 c5 40. Kc3 d5 41.
exd5 Rxd5 42. Kb3 e4 43. h5 e3 44. Kc3 e2 45. hxg6 fxg6 46. Kb3 e1=Q 47. Kc2
Rd2+ 48. Kc3 Qc1+ 49. Kb3 Qb2# 0-1

[Event "AUTO-ADV-4925"]
[Site "http://www.queenalice.com/game.php?id=1870670"]
[Date "2026.3.19"]
[Round "1"]
[White "Connor"]
[Black "ricardoaurelio"]
[Result "1/2-1/2"]
[WhiteElo "1921"]
[BlackElo "2007"]

1. d4 d5 2. e3 a6 3. c4 c6 4. Nf3 Nf6 5. Nc3 e6 6. c5 b6 7. b4 bxc5 8. bxc5 Nbd7
9. a4 Rb8 10. Bd2 Be7 11. Rb1 Rxb1 12. Qxb1 a5 13. Bd3 g6 14. Ne2 Qc7 15. Ng3
Qa7 16. Qc1 Ba6 17. Bxa6 Qxa6 18. Qc3 O-O 19. Qxa5 Qxa5 20. Bxa5 Ra8 21. Bb6
Rxa4 22. O-O Nxb6 23. cxb6 Rb4 24. b7 Rxb7 25. Ne5 Rb6 26. Nd3 Ba3 27. Ne5 Kf8
28. h3 Ke7 29. Ra1 Rb3 30. Nxc6+ Kd6 31. Ne5 Ke7 32. Kf1 Nd7 33. Nxd7 Kxd7 34.
Ne2 Ke7 35. g4 g5 36. Ra2 h6 37. Kg2 Rd3 38. Rc2 Kf6 39. Ng3 Rb3 40. Rc8 Be7 41.
Rc7 Bd8 42. Nh5+ Kg6 43. Rd7 Rb8 44. Ra7 Rc8 45. Ra2 Be7 46. Ra7 Bd8 47. Ra2 Be7
1/2-1/2

[Event "AUTO-ADV-4903"]
[Site "http://www.queenalice.com/game.php?id=1871782"]
[Date "2026.4.10"]
[Round "2"]
[White "SGF"]
[Black "Connor"]
[Result "0-1"]
[WhiteElo "1661"]
[BlackElo "1917"]

1. e4 e5 2. Qf3 Nf6 3. d3 d6 4. Be2 Nc6 5. c3 Bg4 6. Qg3 Bxe2 7. Nxe2 h6 8. h4
Qd7 9. b4 Qg4 10. Qxg4 Nxg4 11. a4 b6 12. b5 Na5 13. f3 Nf6 14. g4 Nb3 15. Ra3
Nxc1 16. Nxc1 a6 17. c4 d5 18. cxd5 Bxa3 19. O-O Bxc1 20. Rxc1 axb5 21. axb5 Kd7
22. Nc3 Ra3 23. Kf2 Ne8 24. Kg3 Nd6 25. h5 Rha8 26. Kh4 Rb3 27. g5 hxg5+ 28.
Kxg5 Raa3 29. h6 gxh6+ 30. Kxh6 Rxc3 31. Rxc3 Rxc3 32. Kg5 Rxd3 33. f4 exf4 34.
Kxf4 Nxb5 35. e5 Rxd5 36. Kf5 Ke7 37. Ke4 Ke6 38. Kf4 Rxe5 39. Kg4 c5 40. Kf4 c4
41. Kf3 c3 42. Kf2 c2 43. Kg3 c1=Q 44. Kf3 Kf5 45. Kg2 Kg4 46. Kf2 Qe1+ 47. Kg2
Re2# 0-1

[Event "AUTO-ADV-4903"]
[Site "http://www.queenalice.com/game.php?id=1871783"]
[Date "2026.4.10"]
[Round "2"]
[White "Connor"]
[Black "SGF"]
[Result "1-0"]
[WhiteElo "1945"]
[BlackElo "1636"]

1. d4 d5 2. e3 Qd6 3. Bd2 Qb6 4. b4 e6 5. a3 Bd7 6. Nf3 f6 7. c4 a5 8. c5 Qa7 9.
bxa5 b5 10. cxb6 cxb6 11. Bb4 Bxb4+ 12. axb4 bxa5 13. Rxa5 Qb7 14. Rxa8 Qxa8 15.
b5 Qa5+ 16. Qd2 Qb6 17. Nc3 Ne7 18. Bd3 O-O 19. O-O Nf5 20. Bxf5 exf5 21. Qa2
Be6 22. Ra1 Nd7 23. Qa6 Rc8 24. Qxc8+ Nf8 25. Qa6 Nd7 26. Qxb6 Nxb6 27. Ra6 Nc4
28. Rxe6 Kf7 29. Ra6 Kg6 30. Nxd5 Kh5 31. b6 Nd6 32. h3 Kg6 33. Ra2 Nb7 34. Ra7
Nd6 35. Nf4+ Kh6 36. b7 Nxb7 37. Rxb7 g6 38. d5 g5 39. Ne6 Kg6 40. Nf8+ Kh5 41.
Rxh7# 1-0

[Event "AUTO-ADV-4903"]
[Site "http://www.queenalice.com/game.php?id=1871786"]
[Date "2026.4.10"]
[Round "2"]
[White "Pin"]
[Black "Connor"]
[Result "0-1"]
[WhiteElo "2155"]
[BlackElo "1939"]

1. e4 e5 2. Nc3 d6 3. Bc4 Nf6 4. Nf3 Be7 5. O-O O-O 6. d3 a6 7. Qe2 Nc6 8. a4
Bg4 9. h3 Nd4 10. hxg4 Nxe2+ 11. Nxe2 Nxg4 12. Ng3 g6 13. Nh2 Nxh2 14. Kxh2 Bg5
15. Rh1 Bxc1 16. Raxc1 Qf6 17. Rcf1 h5 18. Kg1 Qf4 19. Bb3 Kg7 20. Ne2 Qg5 21.
Rh3 f5 22. Rg3 Qd2 23. Nc3 fxe4 24. Nxe4 Qf4 25. Re1 Rad8 26. Ree3 d5 27. Ref3
Qc1+ 28. Kh2 Rxf3 29. Rxf3 Rf8 30. Rxf8 Kxf8 31. Bxd5 Qxb2 32. Bb3 Qd4 33. Kg1
b5 34. axb5 axb5 35. Ng5 Qb6 36. Nf7 Qf6 37. f3 c5 38. Bd5 b4 39. Bc4 Ke7 40.
Kf2 Qf4 41. Bb3 g5 42. Nh8 Kf6 43. Nf7 g4 44. Nd6 gxf3 45. gxf3 Qd4+ 0-1

[Event "AUTO-ADV-4903"]
[Site "http://www.queenalice.com/game.php?id=1871787"]
[Date "2026.4.10"]
[Round "2"]
[White "Connor"]
[Black "Pin"]
[Result "0-1"]
[WhiteElo "1955"]
[BlackElo "2112"]

1. d4 Nf6 2. e3 g6 3. Nf3 Bg7 4. c4 d5 5. Nc3 O-O 6. cxd5 Nxd5 7. Nxd5 Qxd5 8.
a3 Rd8 9. Be2 Bg4 10. Rb1 Nc6 11. Bd2 e5 12. dxe5 Nxe5 13. Nxe5 Bxe2 14. Qxe2
Bxe5 15. f3 Qd6 16. g3 Re8 17. Qc4 Rad8 18. Qe2 Bd4 19. Qd3 Bxe3 20. Qxd6 Bxd2+
21. Kxd2 Rxd6+ 22. Kc2 Re2+ 0-1

[Event "AUTO-ADV-4917"]
[Site "http://www.queenalice.com/game.php?id=1872077"]
[Date "2026.4.16"]
[Round "2"]
[White "Connor"]
[Black "Capixabba789"]
[Result "0-1"]
[WhiteElo "1934"]
[BlackElo "1920"]

1. d4 d5 2. e3 Nf6 3. c4 e6 4. Nf3 Be7 5. Nc3 O-O 6. c5 c6 7. b4 b5 8. a4 bxa4
9. Rxa4 Nbd7 10. Ba6 Bxa6 11. Rxa6 Re8 12. Rxc6 Ng4 13. Ra6 e5 14. Nxd5 Bh4 15.
Nxh4 Qxh4 16. g3 Qh3 17. Qe2 Qg2 18. Qxg4 Qxh1+ 19. Kd2 Qxh2 20. Qxd7 Qxf2+ 21.
Kd3 e4+ 22. Kc3 Qxg3 23. Nc7 Rad8 24. Qf5 Qxc7 0-1

[Event "AUTO-ADV-4917"]
[Site "http://www.queenalice.com/game.php?id=1872078"]
[Date "2026.4.16"]
[Round "2"]
[White "Capixabba789"]
[Black "Connor"]
[Result "1-0"]
[WhiteElo "1919"]
[BlackElo "1949"]

1. d4 d5 2. Nc3 e6 3. f4 Nf6 4. Nf3 c5 5. e3 Nc6 6. Be2 a6 7. O-O b5 8. a3 c4 9.
Ng5 h6 10. Nh3 Be7 11. Bf3 Rb8 12. e4 Nxd4 13. Qxd4 1-0